|
|
|
|
| LEADER |
00000nam0a2200000 4500 |
| 001 |
306242 |
| 005 |
20231102001857.0 |
| 035 |
|
|
|a (RuTPU)RU\TPU\book\331519
|
| 090 |
|
|
|a 306242
|
| 100 |
|
|
|a 20151005d1965 m y0rusy50 ca
|
| 101 |
1 |
|
|a rus
|c eng
|
| 102 |
|
|
|a RU
|
| 105 |
|
|
|a a z 001zy
|
| 200 |
1 |
|
|a Введение в полупроводниковую электронику
|e пер. с англ.
|f Р. П. Нанавати
|
| 210 |
|
|
|a Москва
|c Связь
|d 1965
|
| 215 |
|
|
|a 458 с.
|c ил.
|
| 320 |
|
|
|a Библиогр. в конце гл.
|
| 606 |
1 |
|
|a Электроника полупроводниковая
|2 stltpush
|3 (RuTPU)RU\TPU\subj\20334
|9 45443
|
| 610 |
1 |
|
|a зонная теория
|
| 610 |
1 |
|
|a полупроводники
|
| 610 |
1 |
|
|a диффузионные процессы
|
| 610 |
1 |
|
|a транзисторы
|
| 610 |
1 |
|
|a четырехполюсники
|
| 610 |
1 |
|
|a эквивалентные схемы
|
| 610 |
1 |
|
|a смещения
|
| 610 |
1 |
|
|a стабилизация
|
| 610 |
1 |
|
|a приближения
|
| 610 |
1 |
|
|a переходные процессы
|
| 610 |
1 |
|
|a туннельные диоды
|
| 675 |
|
|
|a 621.382
|v 3
|
| 700 |
|
1 |
|a Нанавати
|b Р. П.
|g Раджендра
|
| 801 |
|
1 |
|a RU
|b 63413507
|c 20151005
|
| 801 |
|
2 |
|a RU
|b 63413507
|c 20200304
|g RCR
|
| 942 |
|
|
|c BK
|